Ming mo san da si xiang jia : Huang Zongxi, Gu Yanwu, Wang Fuzhi /
Saved in:
| Main Author: | |
|---|---|
| Format: | Book |
| Language: | Chinese |
| Published: |
Shanghai :
Si lian chu ban she,
1955.
|
| Edition: | Di 1 ban. |
| Series: | Zhu guo wen hua xiao cong shu
|
| Subjects: | |
| Tags: |
Add Tag
No Tags, Be the first to tag this record!
|
| LEADER | 01297cam a2200361u 4500 | ||
|---|---|---|---|
| 001 | 007726817-2 | ||
| 005 | 20024617105005.0 | ||
| 008 | 890710s1955 cc 000 0 chi d | ||
| 010 | |a c 59000236 | ||
| 035 | 0 | |a ocm23310588 | |
| 035 | 0 | |a ocm23310588 |z ocm19469214 | |
| 040 | |a MiU |c MiU |d TxU |d MdU |d *YNH* |d CStRLIN | ||
| 050 | 0 | |a B126 |b .Y36 | |
| 100 | 1 | |6 880-01 |a Yang, Tingfu. | |
| 245 | 1 | 0 | |6 880-02 |a Ming mo san da si xiang jia : |b Huang Zongxi, Gu Yanwu, Wang Fuzhi / |c Yang Tingfu zhu. |
| 250 | |6 880-03 |a Di 1 ban. | ||
| 260 | |6 880-04 |a Shanghai : |b Si lian chu ban she, |c 1955. | ||
| 300 | |a 158 p. ; |c 19 cm. | ||
| 490 | 0 | |6 880-05 |a Zhu guo wen hua xiao cong shu | |
| 504 | |a Includes bibliographical references. | ||
| 600 | 1 | 0 | |6 880-06 |a Huang, Zongxi, |d 1610-1695. |
| 600 | 1 | 0 | |6 880-07 |a Gu, Yanwu, |d 1613-1682. |
| 600 | 1 | 0 | |6 880-08 |a Wang, Fuzhi, |d 1619-1692. |
| 880 | 1 | |6 100-01 |a 楊廷福. | |
| 880 | 1 | 0 | |6 245-02 |a 明末三大思想家 : |b 黃宗羲 , 顧炎武, 王夫之 / |c 楊廷福著. |
| 880 | |6 250-03 |a 第1版. | ||
| 880 | |6 260-04 |a 上海 : |b 四聯出版社, |c 1955. | ||
| 880 | 0 | |6 490-05 |a 祖國文化小叢書 | |
| 880 | 1 | 0 | |6 600-06 |a 黃宗羲, |d 1610-1695. |
| 880 | 1 | 0 | |6 600-07 |a 顧炎武, |d 1613-1682. |
| 880 | 1 | 0 | |6 600-08 |a 王夫之, |d 1619-1692. |
| 988 | |a 20021102 | ||
| 906 | |0 OCLC | ||


